<?xml version="1.0" encoding="UTF-8"?>
<marc:record xmlns:marc="http://www.loc.gov/MARC21/slim">
   <marc:leader>00000nam a2200000 a 4500</marc:leader>
   <marc:datafield ind1="1" ind2=" " tag="100">
      <marc:subfield code="a">Roher, Michael</marc:subfield>
      <marc:subfield code="4">aut</marc:subfield>
      <marc:subfield code="e">Verfasser/-in</marc:subfield>
   </marc:datafield>
   <marc:datafield ind1=" " ind2=" " tag="653">
      <marc:subfield code="a">Fremdheit</marc:subfield>
   </marc:datafield>
   <marc:datafield ind1=" " ind2=" " tag="653">
      <marc:subfield code="a">Zugvögel</marc:subfield>
   </marc:datafield>
   <marc:datafield ind1="0" ind2="0" tag="245">
      <marc:subfield code="a">Zugvögel</marc:subfield>
   </marc:datafield>
   <marc:datafield ind1="0" ind2="0" tag="245">
      <marc:subfield code="c">Michael Roher</marc:subfield>
   </marc:datafield>
   <marc:datafield ind1=" " ind2="1" tag="264">
      <marc:subfield code="a">Wien</marc:subfield>
      <marc:subfield code="b">Picus Verlag</marc:subfield>
      <marc:subfield code="c">2016</marc:subfield>
   </marc:datafield>
   <marc:datafield ind1=" " ind2=" " tag="250">
      <marc:subfield code="a">2. Auflage</marc:subfield>
   </marc:datafield>
   <marc:datafield ind1="1" ind2=" " tag="520">
      <marc:subfield code="a">Im Frühling sind sie angekommen, im Herbst müssen Lukas neue Freunde Oleg, Madame Petrova und Paulinchen weiterziehen, sie sind ja schließlich Zugvögel. Doch sie wollen bleiben, wollen den Winter sehen und in die Schule gehen. Aber wo sollen sie bloß hin? Wovon sollen sie leben? Zum Glück gibt es die gute Frau Lorenz, die ein großes Herz hat und ein großes Nest für alle, die nicht wissen, wohin. Bei ihr sind die drei Freunde gut aufgehoben. In wunderschönen, feinsinnigen und zugleich kräftigen Bildern erzählt das Ausnahmetalent Michael Roher seine neue Geschichte: vom Sesshaftwerden einer Familie unter erschwerten Bedingungen, ein Plädoyer für Toleranz und Liebe, eine Würdigung von Menschlichkeit und Hilfsbereitschaft.&lt;br/&gt;[Verlagstext.]</marc:subfield>
   </marc:datafield>
   <marc:datafield ind1=" " ind2=" " tag="020">
      <marc:subfield code="a">9783854521631</marc:subfield>
      <marc:subfield code="9">9783854521631</marc:subfield>
   </marc:datafield>
   <marc:datafield ind1=" " ind2=" " tag="041">
      <marc:subfield code="a">ger</marc:subfield>
   </marc:datafield>
   <marc:datafield ind1=" " ind2=" " tag="300">
      <marc:subfield code="b">Illustrationen</marc:subfield>
   </marc:datafield>
   <marc:datafield ind1="1" ind2=" " tag="521">
      <marc:subfield code="a">0</marc:subfield>
   </marc:datafield>
   <marc:datafield ind1=" " ind2=" " tag="300">
      <marc:subfield code="a">[32 Seiten]</marc:subfield>
   </marc:datafield>
</marc:record>
